000 nam a22 7a 4500
999 _c51084
_d51084
003 OSt
005 20211122132837.0
008 211122b xxu||||| |||| 00| 0 eng d
040 _cIIMT COLLEGE OF ENGINEERING,GREATER NOIDA
100 _aTRIPATHI,P.C.
245 _aPRINCIPLES OF MANAGEMENT
260 _aNEW DELHI
_bMGH
_c2022
300 _a474
942 _2ddc
_c02